000 01254nam a2200301 i 4500
001 47612
003 ES-MaACL
005 20240221123528.0
007 t|
008 000216s2001 sp ||||0| spa
020 _a84-8016-339-9
080 _a(038)=133.1=134.2
100 1 _aGarcía-Pelayo y Gross, Ramón.
_955096
245 1 0 _aGran diccionario español-francés, francés-español /
_cpor Ramón García-Pelayo y Gross y Jean Testas, con la colaboración de Micheline Durand, Fernando García-Pelayo y Gross, Jean-Paul Vidal.
260 _aBarcelona :
_bLarousse,
_c[2001]
300 _aXIV, 850, 62, 716 p. ;
_c27 cm.
500 _aPort. adicional en francés.
650 4 _aLengua española-
_vDiccionarios-
_xFrancés.
_914145
650 4 _aLengua francesa-
_vDiccionarios-
_xEspañol.
_914213
700 1 _aTestas, Jean.
_9109834
700 1 _aDurand, Micheline.
_946256
700 1 _aGarcía-Pelayo y Gross, Fernando.
_955095
700 1 _aVidal, Jean-Paul.
_9114436
852 4 _aES-MaACL
_949408
_bR.132499
_jMesetón
_xExpurgado en 2022: ejemplar deteriorado
_cDEPOJ
852 4 _aES-MaACL
_949407
_jA-15169
_cDEPO1
_dOlim: DIC-L 133.1=134.2 GAR gra
942 _2udc
_cMONOGRAFIA
999 _c47612
_d47612